Το άγραφον δόγμα : ένα μυθιστόρημα με 499 σελίδες, 144.000 λέξεις και 499 σημειώσεις
Αποθηκεύτηκε σε:
| Κύριος συγγραφέας: | |
|---|---|
| Μορφή: | Βιβλίο |
| Γλώσσα: | Greek Dutch |
| Δημοσίευση: |
Αθήνα :
Κστανιώτη,
2000.
|
| Σειρά: | Συγγραφείς απ' όλο τον κόσμο
|
| Θέματα: | |
| Ετικέτες: |
Προσθήκη ετικέτας
Δεν υπάρχουν, Καταχωρήστε ετικέτα πρώτοι!
|
MARC
| LEADER | 00000nam a2200000 a 4500 | ||
|---|---|---|---|
| 001 | 1/125618 | ||
| 008 | 221118s2000####gr | ||| |||| ||gre|| | ||
| 020 | |a 9600328463 | ||
| 040 | |a GR-MyUa |b gre |c GR-MyUa |e AACR2 | ||
| 041 | 1 | |a gre |h dut | |
| 082 | 7 | |a 839.313 |2 (23) | |
| 100 | 1 | |a Meijsing, G. J. M. | |
| 245 | 1 | 3 | |a Το άγραφον δόγμα : |b ένα μυθιστόρημα με 499 σελίδες, 144.000 λέξεις και 499 σημειώσεις / |c Χίερτεν Μέισινγκ ; μετάφραση από τα ολλανδικά Μαργαρίτα Μπονάτσου. |
| 260 | |a Αθήνα : |b Κστανιώτη, |c 2000. | ||
| 300 | |a 522, 14 σ. ; |c 22 εκ. | ||
| 490 | 1 | |a (Συγγραφείς απ' όλο τον κόσμο) | |
| 500 | |a Τίτλος πρωτοτύπου: De ongeschreven leer. | ||
| 500 | |a Οι αριθμοί στον τίτλο αφορούν στο πρωτότυπο. | ||
| 504 | |a Περιλαμβάνει βιβλιογραφία. | ||
| 650 | 0 | |a Dutch fiction. | |
| 830 | 0 | |a Συγγραφείς απ' όλο τον κόσμο | |
| 852 | |a INST |b SYROS |e 20221114 |h 839.313 MEI |p 005500015558 |q 005500015558 |t BK |y 0 | ||
| 970 | |a Κοντού |b Παρασκευή |z 18/11/2022 | ||